Random Brand Logo Quiz #2 - Statistics

General Stats
  • This quiz has been taken 917 times
    888 since last reset
  • The average score is 19 of 25
Answer Stats
Picture Answer % Correct
Nike
99%
Amazon
97%
KFC
96%
Subway
95%
IKEA
93%
Marvel
93%
Disney
92%
McDonald's
92%
Android
85%
Mountain Dew
83%
iTunes
81%
Chick-Fil-A
80%
Reddit
80%
JetPunk
79%
Nickelodeon
79%
Hulu
78%
National Geographic
75%
The North Face
74%
Nestle
73%
Big Boy
54%
Firestone
51%
CVS
50%
Tostitos
49%
Hoover
38%
TiVo
21%
No matching quizzes found
Score Distribution
Percent of People with Each Score
Percentile by Number Answered
Your Score History
You have not taken this quiz since the last reset